10 chuyên đề giáo dục kỹ năng sống dưới sân cờ Cho học sinh cấp 1
Đã lưu trong:
| Príomhúdar: | |
|---|---|
| Formáid: | Leabhar |
| Foilsithe: |
Hà Nội
Hồng Đức
2014
|
| Ábhair: | |
| Clibeanna: |
Cuir Clib Leis
Gan Chlibeanna, Bí ar an gcéad duine leis an taifead seo a chlibeáil!
|
| Thư viện lưu trữ: | Trung tâm Học liệu Lê Vũ Hùng, Trường Đại học Đồng Tháp |
|---|
| LEADER | 00767pam a22002178a 4500 | ||
|---|---|---|---|
| 001 | 00043939 | ||
| 005 | 20190403150416.0 | ||
| 008 | 170514s2015 ||||||Viesd | ||
| 020 | # | # | |c 16000 |
| 041 | 0 | # | |a Vie |
| 082 | 1 | 4 | |a 649 |b M558CH |
| 100 | 1 | # | |a Bùi, Văn Trực |
| 245 | 1 | 0 | |a 10 chuyên đề giáo dục kỹ năng sống dưới sân cờ |b Cho học sinh cấp 1 |c Bùi Văn Trực |
| 260 | # | # | |a Hà Nội |b Hồng Đức |c 2014 |
| 300 | # | # | |a 174 tr. |c 27 cm |
| 653 | # | # | |a Giáo dục |
| 653 | # | # | |a Sân cờ |
| 653 | # | # | |a kỹ năng sống |
| 852 | # | # | |j KD.0025948 |j KGT.0056737 |j KGT.0056736 |j KGT.0056738 |j KGT.0056739 |
| 910 | # | # | |d 3/4/2019 |
| 980 | # | # | |a Trung tâm Học liệu Lê Vũ Hùng, Trường Đại học Đồng Tháp |